00341nam a2200145Ia 4500008004100000040000800041041001000049082001100059100002900070245003300099260001900132260000900151300000800160650002700168171216s9999 xx 000 0 und d bHIN aHINDI aHG PAL aDr.Krishna Dutta Paliwal 0aSarveshwar Aur Unaki Kavitha bLipi Prakashan c1979 g152 aNiroopanam- Upanyaasam